000 00570nam a2200205 a 4500
005 20140310183451.0
008 090120s19uu xx 00 eng d
020 _a9781412928793
050 _aHD 30.4
_b.L42 2008
100 _aLee, Nick
245 _aDoing business research :
_ba guide to theory and practice /
_cNick Lee
260 _aLos Angeles :
_bSage Publication,
_c2008.
300 _a423 p. :
_bill. ;
_c23 cm.
521 _aBSBA
650 _aBSBA.
650 _aBusiness
_xResearch.
700 _aLings, Ian
942 _cBK
_2lcc
_kFOR
999 _c23433
_d23433